Sports Quiz

Random Sports or Country Quiz

Olympic Medal Table: Figure Skating Quiz Stats

Quiz Updated Feb 25, 2018

Challenge
Share
Tweet
Embed
Score 0/27 Timer 05:00
5 Plays Today
Rank Country % Correct
1United States
99.5%
3Russia
95.9%
2Canada
95.1%
18Olympic Athletes from Russia
93.9%
11China
93.1%
12Japan
92.9%
10Germany
91.3%
7France
90.8%
6Great Britain
90.1%
8Sweden
88.1%
13Norway
85.9%
24Italy
85.1%
20Finland
82.7%
27Spain
80.9%
Rank Country % Correct
15Unified Team
76.1%
4Soviet Union
76%
19Switzerland
75.1%
5Austria
73.5%
21South Korea
73.3%
17Netherlands
68.7%
23Ukraine
65.9%
9East Germany
62.5%
22Belgium
61.7%
25West Germany
59.8%
14Hungary
56.4%
16Czechoslovakia
47.3%
26Kazakhstan
25.8%

You're not logged in!

Compare scores with friends on all Sporcle quizzes.
Sign Up with Email
OR
Log In

You Might Also Like...

Show Comments

Extras

Top Quizzes Today


Score Distribution

Your Account Isn't Verified!

In order to create a playlist on Sporcle, you need to verify the email address you used during registration. Go to your Sporcle Settings to finish the process.

Report this User

Report this user for behavior that violates our Community Guidelines.

Details: